Universidades

Podrobná bibliografie
Médium: Seriál
Jazyk:Spanish
Témata:

MARC

LEADER 00000nas a2200000 a 4500
003 Ucuenca
005 20230308225606.0
008 011032|2009 mx |||||r|||||||||||spa||
022 |a 0041-8935 
040 |b spa 
041 1 |a spa 
082 0 |a 378.05  |b U46u 
245 |a Universidades  |c Unión de Universidades de América Latina y el Caribe  |h imp 
264 |a México  |b UDUAL  |c Octubre Diciembre 2009 
300 |a páginas: 39-42  |b ilu  |c 28 cm 
362 |a año LIX, nueva época, no. 43 (octubre diciembre de 2009) 
504 |a incl. ref. 
650 1 0 |a Educación superior  |9 194704 
650 0 |a Universidad publica  |9 123177 
650 1 |a Universidad latinoamericana  |9 16307 
650 1 |a Revista universidades  |9 113570 
852 |a UC-CDJBV 
942 |c SER 
999 |c 153215  |d 153215